Statistiken für Medias in Res Vok 30

Klicken Sie hier um das Quiz zu spielen!

Allgemein

  • Dieses Quiz wurde 247 mal gespielt
    (193 seit der letzten Aktualisierung)
  • Das Durchschnittsergebnis liegt bei 40 aus 56

Antwortstatistiken

AngabeÜbs / 2. Fall / GeschlechtAntwort% Korrekt
servireÜbsdienen
89%
similis/eÜbsähnlich
85%
possidereÜbsbesitzen
83%
humanus/a/umÜbsmenschlich
83%
nudus/a/umÜbsnackt
83%
militaris/eÜbsmilitärisch, Militär-
82%
1. P.patior
81%
1. P.possideo
78%
1. P.tego
78%
beneficiumÜbsWohltat
78%
pauper, pauperis (2. F.)Übsarm
76%
sanus/a/umÜbsgesund, vernünftig
76%
genusn.
76%
1. P.servio
76%
alter - alterÜbsder eine - der andere
75%
sequi (D)Übsfolgen
75%
Gen.beneficii
74%
alter/era/erumÜbsder andere (von zweien)
74%
loqui (D)Übssprechen
74%
genusf.
72%
genusf.
72%
vestisÜbsGewand
72%
Gen.mentis
72%
1. P.sequor
72%
Partiziptectum
72%
hiemsÜbsWinter
72%
genusf.
71%
genusf.
71%
Gen.hiemis
71%
1. P.loquor
71%
Gen.misericordiae
71%
Partizipservitum
71%
Gen.vestis
71%
+ Fall ?Akk.
69%
pati (D)Übsertragen, erdulden
69%
Perfektpassus sum
69%
1. P.queror
69%
Perfekttexi
69%
tegereÜbsbedecken
68%
1. P.hortor
67%
1. P.vereor
67%
Perfektservivi
65%
reliquus/a/umÜbsübrig
65%
misericordiaÜbsMitleid
64%
Perfektpossedi
64%
Perfekthortatus sum
63%
Perfektquestus sum
63%
mensÜbsGeist, Sinn
61%
queri (D)Übsklagen
61%
Perfektlocutus sum
61%
Partizippossessum
61%
quidquidÜbswas auch immer, alles was
60%
vereri (D)Übsfürchten, sich scheuen
58%
hortari (D)Übsauffordern, ermuntern
57%
Perfektveritus sum
57%
Perfektsecutus sum
56%

Verteilung der Resultate

Perzentil nach korrekt beantworteten Fragen

Anzahl Personen mit jedem Resultat

Ihre Resultats-Entwicklung

Sie haben dieses Quiz seit der letzten Aktualisierung nicht gespielt